00683nam a22001937a 450000500170000001000150001702000260003203500140005803700090007208200090008110000330009024500550012326000340017827000700021230000190028294200200030199900190032195201490034020260115155845.0 aENG-147486 a9789349042094c150.00 aEN-131018 bDBAD aS21 aDochanashvili, Guram 986448 aThe Man Who Loved Literature/cGuram Dochanashvili aChandigarhbThe Browserc2025 bChandigarhaSCO 14-15, Sector 8-Ce160009mservice@thebrowser.org a53p.c20cm(pb) 2ddccENhSmDOC c214185d214185 001040708FICaAVbAVd2026-01-15eDelivery of Books Act Divisiong150.00l0oS DOCpEN-131018r2026-01-15 00:00:00t1v150.00w2026-01-15yEN